Les années du podium du Tour de France depuis 2010 - Statistiques

Statistiques générales
  • Ce quiz a été pris 130 fois
  • Le résultat moyen est 15 sur 15
Statistiques - réponses
années 1er 2ème 3ème % Correct
2012 Wiggins Froome Nibali
100%
2016 Froome Bardet Quintana
100%
2022 Vingegaard Pogacar Thomas
100%
2010 Schleck Menchov Van den Broeck
99%
2011 Evans Schleck Schleck
99%
2013 Froome Quintana Rodriguez
99%
2015 Froome Quintana Valverde
99%
2017 Froome Uran Bardet
99%
2018 Thomas Dumoulin Froome
99%
2019 Bernal Thomas Kruijswijk
99%
2020 Pogacar Roglic Porte
99%
2021 Pogacar Vingegaard Carapaz
99%
2023 Vingegaard Pogacar Yates
99%
2024 Pogacar Vingegaard Evenepoel
99%
2014 Nibali Peraud Pinot
98%
Aucun quiz correspondant
Distribution des résultats
% des personnes avec chaque résultat
Percentile par nombre de réponses
Votre historique - résultats
Vous n’avez pas pris ce quiz